00329nam a2200121Ia 4500008004100000041000800041082001600049100002100065245004500086260003300131300003200164365001100196240624s9999 xx 000 0 und d aeng a658.155 SEK aSEKHAR Y CHANDRA aPROJECT RISK MANAGEMENT PRINCIPLES AND P c2005aHyderabadbICFAI press aviii, : 242 : p. : cm. ; 23 cRSb50